Name these Roberts - Statistics

General Stats
  • This quiz has been taken 107 times
  • The average score is 10 of 20
Answer Stats
Picture Hint Answer % Correct
Musician Bob Marley
97%
Actor Robert De Niro
91%
Actor Robert Downey Jr
91%
Musician Bob Dylan
78%
US Senator, Attorney General Robert F Kennedy
75%
Zimbabwean Dictator Robert Mugabe
67%
Physicist J Robert Oppenheimer
63%
Confederate General Robert E Lee
63%
Chess Grandmaster Bobby Fischer
54%
King of Scots Robert the Bruce
48%
Poet Robert Burns
37%
Game Show Host Bob Barker
33%
Chief Scout Robert Baden-Powell
33%
Poet Robert Frost
33%
Hockey Player Bobby Orr
22%
British Prime Minister Robert Walpole
21%
Disney CEO Bob Iger
19%
British Prime Minister Robert Peel
15%
Australian Prime Minister Bob Hawk
13%
Comic Book Writer Bob Kane
11%
No matching quizzes found
Score Distribution
Percent of People with Each Score
Percentile by Number Answered
Your Score History
You have not taken this quiz